El niño y la actividad física 2 a 10 años (Record no. 13323)

MARC details
000 -LEADER
campo de control de longitud fija 00862nam a2200313 a 4500
003 - IDENTIFICADOR DE NÚMERO DE CONTROL
campo de control AR-BaBNM
005 - FECHA Y HORA DE LA ÚLTIMA TRANSACCIÓN
campo de control 20251128205925.0
008 - DATOS DE LONGITUD FIJA--INFORMACIÓN GENERAL
campo de control de longitud fija 082120s2002 ||||||||||||||000 | spa||
020 ## - NÚMERO INTERNACIONAL ESTÁNDAR DEL LIBRO
Número Internacional Estándar del Libro 84-86475-03-1
040 ## - FUENTE DE CATALOGACIÓN
Centro/agencia transcriptor AR-BaBNM
100 1# - ENTRADA PRINCIPAL--NOMBRE DE PERSONA
Nombre de persona Eps, Amicale
245 00 - MENCIÓN DEL TÍTULO
Título El niño y la actividad física 2 a 10 años
250 ## - MENCION DE EDICION
Mención de edición 3ª ed.
260 ## - PUBLICACIÓN, DISTRIBUCIÓN, ETC.
Lugar de publicación, distribución, etc. Barcelona
Nombre del editor, distribuidor, etc. Paidotribo
Fecha de publicación, distribución, etc. 1995
300 ## - DESCRIPCIÓN FÍSICA
Extensión 443 p.
Otros detalles físicos il.
490 #0 - MENCIÓN DE SERIE
Mención de serie Educación física & enseñanza
650 #4 - PUNTO DE ACCESO ADICIONAL DE MATERIA--TÉRMINO DE MATERIA
Término de materia o nombre geográfico como elemento de entrada EDUCACION FISICA
650 #4 - PUNTO DE ACCESO ADICIONAL DE MATERIA--TÉRMINO DE MATERIA
Término de materia o nombre geográfico como elemento de entrada ACTIVIDADES DEPORTIVAS
650 #4 - PUNTO DE ACCESO ADICIONAL DE MATERIA--TÉRMINO DE MATERIA
Término de materia o nombre geográfico como elemento de entrada ACTIVIDADES FISICAS
650 #4 - PUNTO DE ACCESO ADICIONAL DE MATERIA--TÉRMINO DE MATERIA
Término de materia o nombre geográfico como elemento de entrada ACTIVIDADES RECREATIVAS
650 #4 - PUNTO DE ACCESO ADICIONAL DE MATERIA--TÉRMINO DE MATERIA
Término de materia o nombre geográfico como elemento de entrada ACTIVIDADES EN GRUPO
650 #4 - PUNTO DE ACCESO ADICIONAL DE MATERIA--TÉRMINO DE MATERIA
Término de materia o nombre geográfico como elemento de entrada ACTIVIDADES AL AIRE LIBRE
650 #4 - PUNTO DE ACCESO ADICIONAL DE MATERIA--TÉRMINO DE MATERIA
Término de materia o nombre geográfico como elemento de entrada ATLETISMO
650 #4 - PUNTO DE ACCESO ADICIONAL DE MATERIA--TÉRMINO DE MATERIA
Término de materia o nombre geográfico como elemento de entrada JUEGOS EDUCATIVOS
653 ## - TÉRMINO DE INDIZACIÓN--NO CONTROLADO
Término no controlado EXPRESION CORPORAL
700 1# - ENTRADA AGREGADA--NOMBRE PERSONAL
Nombre de persona Lleixá Arribas, Teresa
Término indicativo de función/relación traductor
942 ## - ELEMENTOS DE ENTRADA SECUNDARIOS (KOHA)
Tipo de ítem Koha Libros
998 ## - INFORMACIÓN DE CONTROL LOCAL (RLIN)
Iniciales del catalogador, CIN (RLIN) CARMEN
Holdings
Estatus retirado Estado de pérdida Fuente de la clasificación o esquema de estantería Estado de daño No para préstamo Biblioteca de origen Biblioteca actual Fecha de adquisición Total de préstamos Signatura topográfica completa Código de barras Visto por última vez Precio de reemplazo Tipo de ítem Koha
    Clasificación Decimal Dewey     Liberty Liberty 28/11/2025   372.879 EPS 114232 28/11/2025 28/11/2025 Libros
    Clasificación Decimal Dewey     Liberty Liberty 28/11/2025   372.879 EPS 114233 28/11/2025 28/11/2025 Libros